Formacion ética y ciudadana : cuestiones de filosofía. análisis de casos y proyecto de trabajo /

Guardado en:
Autor Principal: Elena, Sandra
Otros Autores: Nosiglia, María Catalina, Trippano, Sergio
Formato: Libro
Publicado: Buenos Aires : Estrada, 2000
Series:Libros con libros
Materias:
Etiquetas: Agregar Etiqueta
Sin Etiquetas, Sea el primero en etiquetar este registro!
LEADER 01392nam a22003495a 4500
001 CEM.cems010576
008 130507s2000##################000#0#####d
005 20211206184116.0
003 CEMS
245 1 0 |a Formacion ética y ciudadana :  |b cuestiones de filosofía. análisis de casos y proyecto de trabajo /  |c Sandra Elena , María Catalina Nosiglia y Sergio Trippano 
260 |a Buenos Aires :  |b Estrada,  |c 2000 
300 |a 48 p. 
490 0 |a Libros con libros 
500 |a Para Polimodal 
505 0 |a Análisis de casos: qué es un caso? -- Proyecto de trabajo: ciudadanía y educación -- Anexo documental 
020 |a 9500107759 
100 1 |a Elena, Sandra 
700 1 |a Nosiglia, María Catalina 
700 1 |a Trippano, Sergio 
082 0 4 |a Z320 
653 |a Formación ética y ciudadana 
653 |a Formación ética y ciudadana-polimodal 
653 |a Filosofía 
653 |a Ciudadanía 
653 |a Caso 
653 |a Educación 
859 |a CEMS  |b BIB. CEMS - 11 de abril  |h 320  |i El26-1  |p 21121.01  |t Ej.1 
859 |a CEMS  |b BIB. CEMS - Agricultura  |h 320  |i N841-1  |p A0017.00  |t Ej.1 
859 |a CEMS  |b BIB. CEMS - 11 de abril  |h 320  |i El26-1  |p 21123.01  |t Ej.2 
859 |a CEMS  |b BIB. CEMS - Agricultura  |h 320  |i N841-1  |p A0061.00  |t Ej.2 
859 |a CEMS  |b BIB. CEMS - 11 de abril  |h 320  |i El26-1  |p 21125.01  |t Ej.3 
859 |a CEMS  |b BIB. CEMS - Agricultura  |h 320  |i N841-1  |p A0063.00  |t Ej.3